Country Risk and Expected Returns Across Global Equity Markets

Vzťah medzi kompozitným rizikom krajiny (spolu s jeho zložkovými rizikami súvisiacimi so štátnym úverom, menou, bankovým sektorom, ekonomickou štruktúrou a politickou situáciou) a očakávanými výnosmi z kapitálových trhov. Určenie všeobecných dôsledkov pre medzinárodných investorov. Riziko krajiny, r...

ver descrição completa

Na minha lista:
Detalhes bibliográficos
Autor principal: Zaremba, Adam
Formato: Capítulo de Livro
Idioma:inglês
Assuntos:
Tags: Adicionar Tag
Sem tags, seja o primeiro a adicionar uma tag!

MARC

LEADER 00000nla a2200000 4500
001 0247529
005 20240417075145.1
041 0 |a eng 
044 |a CZ 
245 1 0 |a Country Risk and Expected Returns Across Global Equity Markets  |c Adam Zaremba 
520 |a Vzťah medzi kompozitným rizikom krajiny (spolu s jeho zložkovými rizikami súvisiacimi so štátnym úverom, menou, bankovým sektorom, ekonomickou štruktúrou a politickou situáciou) a očakávanými výnosmi z kapitálových trhov. Určenie všeobecných dôsledkov pre medzinárodných investorov. Riziko krajiny, riziko štátneho dlhu, politické riziko, menové riziko, riziko bankového sektora, ekonomické riziko, alokácia aktív krajiny, stratégie výberu krajín, predvídateľnosť výnosov, oceňovanie medzinárodných aktív, prierez výnosov, medzinárodná diverzifikácia. 
610 2 0 |a trh finančný medzinárodný 
610 2 0 |a trh kapitálový medzinárodný 
610 2 0 |a investovanie 
610 2 0 |a investori 
610 2 0 |a portfólio 
610 2 0 |a riziko 
610 2 0 |a riziko investičné 
610 2 0 |a výnosy 
610 2 0 |a diverzifikácia 
610 2 0 |a oceňovanie 
610 2 0 |a aktíva 
100 1 |a Zaremba, Adam